| 000 | 00488nam a2200169Ia 4500 | ||
|---|---|---|---|
| 008 | 220216s9999 xx 000 0 und d | ||
| 100 | _aKarunaratne S W | ||
| 245 | 0 | _aUse of natural rubber latex to improve seepage resistance of soils | |
| 260 |
_bRubber Research Institute of Ceylon Quarterly Journal _c1971 |
||
| 300 | _a51-58 | ||
| 650 | _aNatural rubber latex | ||
| 650 | _aSeepage resistance | ||
| 650 | _aSoils | ||
| 700 | _aJohn R S | ||
| 700 | _aPiyadasa K A | ||
| 942 | _cJS | ||
| 999 |
_c71873 _d71873 |
||